The Legend of Zelda: Twilight Princess bosses by picture - Statistics

General Stats
  • This quiz has been taken 32 times
  • The average score is 8 of 11
Answer Stats
Picture Answer % Correct
Ganon
93%
Zant
93%
Ganondorf
89%
Zelda
81%
Morpheel
74%
Blizzeta
70%
Diababa
70%
Fyrus
70%
Stallord
70%
Armogohma
63%
Argorok
56%
No matching quizzes found
Score Distribution
Percent of People with Each Score
Percentile by Number Answered
Your Score History
You have not taken this quiz